000 00782cam a22002653a 4500
001 3754
003 PGUSA
005 20140828083038.0
008 030201s2003||||xxu|||||s|||||000 | eng d
040 _aPGUSA
_beng
042 _adc
050 4 _aQL
100 1 _aFabre, Jean-Henri,
_d1823-1915
245 1 4 _aThe Wonders of Instinct :
_bChapters in the Psychology of Insects
_h[electronic resource] /
_cJean-Henri Fabre
260 _bProject Gutenberg,
_c2003
506 _aPublic domain in the USA.
516 _aElectronic text
653 _aInsects
653 _aInstinct
700 1 _aTeixeira de Mattos, Alexander,
_d1865-1921
700 1 _aMiall, Bernard,
_d1876-
830 0 _aProject Gutenberg
_v3754
856 4 0 _uhttp://www.gutenberg.org/ebooks/3754
942 _cEB
999 _c233083
_d233083